000 00561nam a2200217Ia 4500
008 101110s9999 xx 000 0 und d
041 _aENGLISH
082 _bSR28336
100 _aSharma Arpan
245 _aComputer Applications in Business F.Y.BMS
260 _c2005
_bSheth Pub.pvt.ltd,Mumbai
300 _a139
365 _b90
520 _aB.M.S.
546 _aENGLISH
630 _aComputer Applications in Business F.Y.BMS
650 _aB.M.S.
655 _aB.M.S.
730 _aComputer Applications in Business F.Y.BMS
942 _cBOOK
999 _c820875
_d820872